| 000 | 00567nam a2200241Ia 4500 | ||
|---|---|---|---|
| 003 | 0100 | ||
| 008 | 130303s9999 xx 000 0 und d | ||
| 020 | _a853647836 | ||
| 040 | _cARRUPELIB | ||
| 050 | _aDS145.K451997 | ||
| 100 | _aKeith, Graham | ||
| 245 | _aHated without a cause? | ||
| 245 | _ba survey of anti-semitism | ||
| 260 | _aCarlisle | ||
| 260 | _bPaternoster | ||
| 260 | _C1997 | ||
| 300 | _axii | ||
| 300 | _b 301 p. 23 cm. | ||
| 650 | _bMzilikazi | ||
| 650 | _cNdebele (African people) - History | ||
| 700 | _aGraham Keith | ||
| 942 | 0 | 0 | _01 |
| 999 |
_c9555 _d9555 |
||